[Event "Titled Tuesday intern op 23rd Apr Early"]
[Site "Chess.com INT"]
[Date "2024.04.23"]
[Round "9"]
[White "Yezhel, Valiantsin"]
[Black "Escalona Landi, Samid Eduardo"]
[Result "1-0"]
[WhiteElo "2266"]
[BlackElo "2248"]
[PlyCount "107"]
[EventDate "2024.04.23"]
[EventType "swiss (blitz)"]
[EventRounds "11"]
[EventCountry "USA"]
[SourceTitle "EXT 2025"]
[Source "ChessBase"]
[SourceDate "2024.10.14"]
[SourceVersion "1"]
[SourceVersionDate "2024.10.14"]
[SourceQuality "1"]

1. d4 Nf6 2. Bf4 d5 3. e3 e5 4. Bxe5 Nc6 5. Bg3 Ne4 6. Nd2 Nxg3 7. hxg3 g6 8. Ngf3 Bg7 9. Be2 Ne7 10. 0-0 Nf5 11. c4 h5 12. cxd5 h4 13. g4 Ne7 14. e4 Bxg4 15. Ne5 Bc8 16. Bb5+ Kf8 17. Qf3 f6 18. Bc4 Qd6 19. Bb3 b5 20. Rac1 Kg8 21. Nc6 Kh7 22. e5 fxe5 23. dxe5 Qd7 24. Nxe7 Qxe7 25. d6 cxd6 26. exd6 Qxd6 27. Qxa8 Bf5 28. Qd5 Qxd5 29. Bxd5 Rd8 30. Rc5 Bf8 31. Rxb5 a6 32. Rb7+ Kh6 33. Ne4 Rxd5 34. Rh7+ Kxh7 35. Nf6+ Kh6 36. Nxd5 Be6 37. Nc3 Bb4 38. a3 Bc5 39. Re1 Bc4 40. Re5 Bf8 41. Re4 Bb3 42. Rxh4+ Kg5 43. Rd4 Bh6 44. Rb4 Bc2 45. Rb6 Bd3 46. b4 Bg7 47. Nd5 Bd4 48. Rb8 Bc4 49. Ne3 Be2 50. Rd8 Bb2 51. a4 Bc3 52. b5 axb5 53. axb5 Bxb5 54. Rd5+ 1-0

[Event "VEN-ch"]
[Site "Caracas"]
[Date "2024.02.26"]
[Round "6"]
[White "Escalona Landi, Samid Eduardo"]
[Black "Castro Torres, Jose Luis"]
[Result "0-1"]
[WhiteElo "2245"]
[BlackElo "2302"]
[PlyCount "76"]
[EventDate "2024.02.23"]
[EventType "tourn"]
[EventRounds "9"]
[EventCountry "VEN"]
[EventCategory "1"]
[SourceTitle "CBM 219 Extra"]
[Source "ChessBase"]
[SourceDate "2024.05.31"]
[SourceVersion "1"]
[SourceVersionDate "2024.05.31"]
[SourceQuality "1"]

1. d4 Nf6 2. c4 g6 3. Nc3 Bg7 4. e4 d6 5. Be2 0-0 6. Be3 c6 7. g4 a6 8. g5 Nfd7 9. a4 a5 10. h4 Na6 11. h5 e5 12. d5 Ndc5 13. Kf1 f5 14. gxf6 Qxf6 15. hxg6 hxg6 16. Nf3 Nb4 17. Ng5 Qe7 18. Kg2 Bd7 19. f3 Rf4 20. Nh3 Rh4 21. Na2 Bh6 22. Bf2 Bxh3+ 23. Rxh3 Rxh3 24. Kxh3 Nxa2 25. Rxa2 Bf4 26. Kg2 Kg7 27. Qg1 Nb3 28. Kf1 cxd5 29. exd5 Rc8 30. Qg4 Rh8 31. Bd3 Rh1+ 32. Kg2 Rh2+ 33. Kg1 Qf6 34. Ra3 Nd2 35. Bb6 e4 36. fxe4 Rh4 37. Qd7+ Kh6 38. Qd8 Bh2+ 0-1

[Event "Caribbean-chT 24th"]
[Site "San Salvador"]
[Date "2023.07.06"]
[Round "7.1"]
[White "Escalona Landi, Samid Eduardo"]
[Black "Christie, Joshua"]
[Result "0-1"]
[WhiteElo "2286"]
[BlackElo "2201"]
[PlyCount "57"]
[EventDate "2023.07.06"]
[EventType "tourn"]
[EventRounds "15"]
[EventCountry "ESA"]
[SourceTitle "CBM 215 Extra"]
[Source "ChessBase"]
[SourceDate "2023.09.30"]
[SourceVersion "1"]
[SourceVersionDate "2023.09.30"]
[SourceQuality "1"]
[WhiteTeam "Venezuela"]
[BlackTeam "Jamaica"]
[WhiteTeamCountry "VEN"]
[BlackTeamCountry "JAM"]

1. e4 e6 2. d4 d5 3. e5 c5 4. c3 Qb6 5. Nf3 Nc6 6. Bd3 Bd7 7. 0-0 cxd4 8. Re1 Nge7 9. h4 Nf5 10. Bxf5 exf5 11. cxd4 h6 12. Nc3 Be6 13. a3 Rc8 14. h5 Be7 15. Ne2 Na5 16. b4 Nc4 17. Qd3 a5 18. bxa5 Qxa5 19. Ng3 g6 20. Rb1 b6 21. Re2 Qa4 22. Rc2 Qd7 23. Qe2 g5 24. Rc3 f4 25. Nf1 Bf5 26. Ra1 0-0 27. N1d2 b5 28. Nb3 b4 29. axb4 0-1